000 00511nam a2200181Ia 4500
003 GCL
008 140319s9999 xx 000 0 ara d
040 _aGCL /
_cGCL
082 0 4 _a666.3
_bع خ
100 1 _aعلام محمد علام
245 1 0 _aالخزف /
_cعلام محمد علام
260 _aالقاهرة :
_bمؤسسة سجل العرب ،
_c1967
300 _a479 ص ؛
_c24 سم
490 _aالالف كتاب
_v0
650 0 4 _aالخزف
650 0 4 _aالفخار
942 _2ddc
_cBK
999 _c35681
_d35681